Online Catalogue and eLibrary

The politics of women's rights / (Record no. 495)

MARC details
000 -LEADER
fixed length control field 00556pam a2200217 a 4500
001 - CONTROL NUMBER
control field 3839182
005 - DATE AND TIME OF LATEST TRANSACTION
control field 20240227020820.0
008 - FIXED-LENGTH DATA ELEMENTS--GENERAL INFORMATION
fixed length control field 870416s1988 enk b 001 0 eng
020 ## - INTERNATIONAL STANDARD BOOK NUMBER
ISBN 0582024005
020 ## - INTERNATIONAL STANDARD BOOK NUMBER
ISBN 058229519X (pbk.)
040 ## - CATALOGING SOURCE (பட்டியலாக்க மூலம்)
Original cataloging agency DLC
Transcribing agency DLC
Modifying agency DLC
082 00 - DDC Classification
Class No. 323.334.
DDC Edition Number 19
Item Number - Author Mark THE.
100 1# - MAIN ENTRY--PERSONAL NAME
Personal name Carter, April.
245 14 - TITLE STATEMENT
Title The politics of women's rights /
Statement of responsibility, etc. April Carter.
260 ## - PUBLICATION, DISTRIBUTION, ETC.
Place of publication, distribution, etc. London ;
-- New York :
Name of publisher, distributor, etc. Longman,
Date of publication, distribution, etc. 1988.
300 ## - PHYSICAL DESCRIPTION
Extent (e.g. Volumes, Pages etc.) 211 p. ;
500 ## - GENERAL NOTE
General note Includes index.
650 #0 - SUBJECT ADDED ENTRY--TOPICAL TERM
Topical term or geographic name entry element Women's rights
650 #0 - SUBJECT ADDED ENTRY--TOPICAL TERM
Topical term or geographic name entry element Women
942 ## - Koha item type (Biblio)
Koha item type Books in Stacks (Lending)
Holdings
Lost status Damaged status Collection code Home library Current library Date acquired Full call number Accession Number Item type
    Lending WERC Library WERC Library 02/27/2024 323.334. THE. 2037 Books in Stacks (Lending)

© WERC Library